[Event "50th Rilton Cup 2022-23"]
[Site "Stockholm SWE"]
[Date "2023.01.05"]
[Round "9.54"]
[White "Valkama, Eero"]
[Black "Tulchynskyi, Feliks"]
[Result "1-0"]
[WhiteTitle "FM"]
[WhiteElo "2263"]
[BlackElo "2135"]
[WhiteFideId "507555"]
[BlackFideId "34127895"]
[EventDate "2022.12.27"]

1. e4 c5 2. Nf3 e6 3. c4 Nc6 4. Nc3 Nd4 5. Bd3 Ne7 6. Nxd4 cxd4 7. Ne2 e5 8. O-O
Nc6 9. f4 d6 10. a3 a5 11. Bc2 Be7 12. d3 O-O 13. Ng3 Bd7 14. f5 Bg5 15. Qg4
Bxc1 16. Raxc1 f6 17. Nh5 Qe7 18. Rf3 Be8 19. Rg3 Bxh5 20. Qxh5 Kh8 21. Rf1 Qf7
22. Qd1 Qd7 23. Ba4 Qc7 24. Rh3 Nd8 25. Qh5 h6 26. Rg3 Nc6 27. Rg6 Qf7 28. Qd1
Ne7 29. Rg3 Ng8 30. Bb5 Rfd8 31. Rff3 Rac8 32. Rg4 Rc7 33. Qa4 b6 34. Rfg3 Qf8
35. Bc6 Ne7 36. Bb5 Nc8 37. Bc6 Ne7 38. Bb5 Nc8 39. Rg6 Ne7 40. Rxg7 Qxg7 41.
Rxg7 Kxg7 42. Qd1 Rcc8 43. Qh5 Rh8 44. Bd7 Rcf8 45. Be6 Rh7 46. Qd1 Rd8 47. Qb3
Nc8 48. Bxc8 Rxc8 49. Qxb6 Kg8 50. Qxa5 Rd7 51. Qd5+ Kg7 52. b4 Ra7 53. Qxd6
Rca8 54. b5 Rxa3 55. b6 Rb3 56. h3 Rb2 57. c5 Raa2 58. Qe7+ Kg8 59. Qe8+ Kg7 60.
Qg6+ Kf8 61. Qxf6+ Kg8 62. Qg6+ Kf8 63. f6 1-0

[Event "50th Rilton Cup 2022-23"]
[Site "Stockholm SWE"]
[Date "2023.01.05"]
[Round "9.56"]
[White "Sadekov, Maksim"]
[Black "Levi, Netanel"]
[Result "0-1"]
[WhiteElo "2113"]
[BlackElo "2179"]
[WhiteFideId "4508912"]
[BlackFideId "2815400"]
[EventDate "2022.12.27"]

1. d4 d6 2. c4 e5 3. d5 a5 4. Nc3 Na6 5. g3 Nc5 6. Bg2 g6 7. Nf3 Bg7 8. Bg5 f6
9. Be3 Ne7 10. Bxc5 dxc5 11. Ne4 O-O 12. Nxc5 Qd6 13. Ne4 Qb4+ 14. Ned2 e4 15.
Nd4 Qxb2 16. Nc2 f5 17. O-O Bd7 18. a4 b6 19. Ra3 Rae8 20. e3 Nc8 21. Qb1 Nd6
22. Qxb2 Bxb2 23. Rb3 Bg7 24. Ra3 Bb2 25. Rb3 Bf6 26. Ra3 Nb7 27. Nd4 Nc5 28.
Nb5 Bxb5 29. axb5 a4 30. Rb1 Ra8 31. Bf1 Be7 32. Ra2 h5 33. h4 Kg7 34. Be2 a3
35. Nb3 Na4 36. Rc1 Bb4 37. Nd4 Kf6 38. Nc6 Bc3 39. Rxa3 Bb2 40. Rxa4 Bxc1 41.
Rb4 Ra1 42. Kg2 Ra2 43. Kf1 Ra1 44. Kg2 Rfa8 45. Rb3 R8a2 46. Bf1 Rd2 47. Nd4
Raa2 48. Ne6 Rxf2+ 49. Kg1 Rf3 50. Nxc7 Rxg3+ 51. Kh1 Bxe3 52. Rxe3 Rxe3 53. d6
Re1 54. Kg1 Raa1 55. c5 Rxf1+ 56. Kg2 bxc5 57. b6 Rfd1 58. b7 Rd2+ 59. Kg3 Ra3+
60. Kf4 Rf3# 0-1